000 00368nam a22001577a 4500
999 _c10483
_d10483
003 OSt
008 210223b ||||| |||| 00| 0 eng d
022 _a9788188452002
082 _a158.2 GIA
100 _aGIBLIN, Les
245 _aArt of Dealing with People
260 _aNew Delhi
_bEmbassy Books
300 _a57
650 _aGeneral Books
942 _2ddc
_cBK
_02